Pakistan : Request for Purchase Under the Rapid Financing Instrument-Press Release; Staff Report; and Statement by the Executive Director for Pakistan.

This paper highlights Pakistan's Request for Purchase Under the Rapid Financing Instrument (RFI). With the near-term outlook deteriorating sharply, the authorities have swiftly put in place measures to contain the impact of the shock and support economic activity. Crucially, health spending has...

Πλήρης περιγραφή

Λεπτομέρειες βιβλιογραφικής εγγραφής
Συγγραφή απο Οργανισμό/Αρχή: International Monetary Fund. Middle East and Central Asia Dept
Μορφή: Επιστημονικό περιοδικό
Γλώσσα:English
Έκδοση: Washington, D.C. : International Monetary Fund, 2020.
Σειρά:IMF Staff Country Reports; Country Report ; No. 2020/114
Διαθέσιμο Online:Full text available on IMF
LEADER 02214cas a2200241 a 4500
001 AALejournalIMF020882
008 230101c9999 xx r poo 0 0eng d
020 |c 5.00 USD 
020 |z 9781513541099 
022 |a 1934-7685 
040 |a BD-DhAAL  |c BD-DhAAL 
110 2 |a International Monetary Fund.  |b Middle East and Central Asia Dept. 
245 1 0 |a Pakistan :   |b Request for Purchase Under the Rapid Financing Instrument-Press Release; Staff Report; and Statement by the Executive Director for Pakistan. 
264 1 |a Washington, D.C. :  |b International Monetary Fund,  |c 2020. 
300 |a 1 online resource (40 pages) 
490 1 |a IMF Staff Country Reports 
500 |a <strong>Off-Campus Access:</strong> No User ID or Password Required 
500 |a <strong>On-Campus Access:</strong> No User ID or Password Required 
506 |a Electronic access restricted to authorized BRAC University faculty, staff and students 
520 3 |a This paper highlights Pakistan's Request for Purchase Under the Rapid Financing Instrument (RFI). With the near-term outlook deteriorating sharply, the authorities have swiftly put in place measures to contain the impact of the shock and support economic activity. Crucially, health spending has been increased and social support strengthened. While uncertainty remains high, the near-term economic impact of coronavirus disease 2019 is expected to be significant, giving rise to large fiscal and external financing needs. The IMF support will help to provide a backstop against the decline in international reserves and provide financing to the budget for targeted and temporary spending increases aimed at containing the pandemic and mitigating its economic impact. In response to the crisis, the government of Pakistan has taken swift action to halt the community spread of the virus and introduced an economic stimulus package aimed at accommodating the spending needed to tackle the health emergency and supporting economic activity. 
538 |a Mode of access: Internet 
830 0 |a IMF Staff Country Reports; Country Report ;  |v No. 2020/114 
856 4 0 |z Full text available on IMF  |u http://elibrary.imf.org/view/journals/002/2020/114/002.2020.issue-114-en.xml  |z IMF e-Library